| 000 | 00949cam a2200229 a 4500 | ||
|---|---|---|---|
| 001 | 000018889 | ||
| 005 | 20200929165857.0 | ||
| 008 | 751204s1927 sp 001 d spa d | ||
| 040 |
_aDO-SdBNP _bspa _cBNPHU |
||
| 082 |
_a862.3 _bC146aut |
||
| 100 | 1 |
_aCalderón de la Barca, Pedro, _d1600-1681 _95547 |
|
| 245 | 1 | 0 |
_aAutos sacramentales / _cCalderón de la Barca ; edición y notas de Ángel Valbuena Prat. |
| 260 |
_aMadrid : _bDe la Lectura, _c1927. |
||
| 300 |
_a2 v. ; _c20 cm. |
||
| 490 | 1 |
_aClásicos castellanos _v69,74 |
|
| 504 | _aIncluye referencias bibliográficas y notas al pie de las páginas. | ||
| 500 | _aIncluye índice de materias y nombres contenidos en los tomos I y II de "Autos sacramentales" de Calderón. | ||
| 650 | 4 |
_aTeatro español _93071 |
|
| 650 | 4 |
_aLiteratura española _xCrítica e interpretación _94054 |
|
| 700 | 1 |
_aValbuena Prat, Ángel, _d1900-, _eed. _915838 |
|
| 830 | 0 |
_aClásicos castellanos ; _n69,74 _940669 |
|
| 999 |
_c18407 _d18407 |
||